| 000 | 00844cam a2200205K 4500 | ||
|---|---|---|---|
| 082 |
_a628.3 _bMET _cL-23, P-85. |
||
| 100 | 1 |
_aMetcalf, Leonard, _944172 |
|
| 245 | 1 | 0 |
_aSewerage and sewage disposal _ba textbook, _cby Leonard Metcalf and Harison P. Eddy. |
| 250 | _a1st ed. | ||
| 260 |
_aNew York [etc.] _bMcGraw-Hill Book Co., _c1922. |
||
| 300 |
_a1 online resource (xiv, 598 p.) _billus., fold. maps, tables (1 fold.) diagrs. (part fold.) |
||
| 500 | _aA single-volume abridgment of the 3 vols. of "American sewerage practice" published in 1914-15. cf. Pref. | ||
| 526 |
_a0 _b0 _c0 _d628_300000000000000_MET |
||
| 650 | 0 |
_aMCE _9379 |
|
| 650 | 0 |
_aSewage disposal. _9392 |
|
| 650 | 0 |
_aSewerage. _95193 |
|
| 700 | 1 |
_aEddy, Harrison Prescott, _944173 |
|
| 856 | 4 | 0 | _uhttp://catalog.hathitrust.org/api/volumes/oclc/2548336.html |
| 942 |
_2ddc _cBK |
||
| 999 |
_c547992 _d547992 |
||